| 000 | 00501nam a2200181Ia 4500 | ||
|---|---|---|---|
| 003 | LDD | ||
| 008 | 190117s9999 xx 000 0 und d | ||
| 020 | _c₹25 | ||
| 040 | _cLDD | ||
| 041 | _ahi | ||
| 082 | _a8H3.7 या 4668 टू | ||
| 100 | _aयादव, राजेन्द्र | ||
| 245 | 0 |
_aटूटना _cराजेन्द्र यादव |
|
| 246 | _aTutana | ||
| 260 |
_aनई दिल्ली _bअक्षर _c1979 |
||
| 300 | _a173प्र. | ||
| 942 |
_2ddc _cH |
||
| 999 |
_c167712 _d167712 |
||